Desk reference of clinical pharmacology / (Record no. 124846)
[ view plain ]
| 000 -LEADER | |
|---|---|
| fixed length control field | 00822cam a22002654a 4500 |
| 001 - CONTROL NUMBER | |
| control field | 14763263 |
| 005 - DATE AND TIME OF LATEST TRANSACTION | |
| control field | 20211202095103.0 |
| 008 - FIXED-LENGTH DATA ELEMENTS--GENERAL INFORMATION | |
| fixed length control field | 070307s2008 flua bf 001 0 eng |
| 020 ## - INTERNATIONAL STANDARD BOOK NUMBER | |
| International Standard Book Number | 9781420047431 (hardcover : alk. paper) |
| 020 ## - INTERNATIONAL STANDARD BOOK NUMBER | |
| International Standard Book Number | 1420047434 (hardcover : alk. paper) |
| 040 ## - CATALOGING SOURCE | |
| Transcribing agency | PK-LaUMT |
| 082 00 - DEWEY DECIMAL CLASSIFICATION NUMBER | |
| Classification number | 615.1 |
| Edition number | 22 |
| Item number | EBA-D |
| 100 1# - MAIN ENTRY--PERSONAL NAME | |
| Personal name | Ebadi, Manuchair S. |
| 245 10 - TITLE STATEMENT | |
| Title | Desk reference of clinical pharmacology / |
| Statement of responsibility, etc | BY Manuchair Ebadi |
| 250 ## - EDITION STATEMENT | |
| Edition statement | 2nd ed. |
| 260 ## - PUBLICATION, DISTRIBUTION, ETC. (IMPRINT) | |
| Place of publication, distribution, etc | Boca Raton : |
| Name of publisher, distributor, etc | CRC Press, |
| Date of publication, distribution, etc | 2008 |
| 300 ## - PHYSICAL DESCRIPTION | |
| Extent | xxviii, 791 p. : |
| Other physical details | ill. ; |
| Dimensions | 29 cm. |
| 650 #0 - SUBJECT ADDED ENTRY--TOPICAL TERM | |
| Topical term or geographic name as entry element | Clinical pharmacology |
| 650 12 - SUBJECT ADDED ENTRY--TOPICAL TERM | |
| Topical term or geographic name as entry element | Pharmaceutical Preparations |
| General subdivision | administration & dosage |
| 650 22 - SUBJECT ADDED ENTRY--TOPICAL TERM | |
| Topical term or geographic name as entry element | Drug Therapy |
| 650 22 - SUBJECT ADDED ENTRY--TOPICAL TERM | |
| Topical term or geographic name as entry element | Pharmacokinetics |
| 650 22 - SUBJECT ADDED ENTRY--TOPICAL TERM | |
| Topical term or geographic name as entry element | Pharmacology, Clinical |
| 700 1# - ADDED ENTRY--PERSONAL NAME | |
| Personal name | Ebadi, Manuchair S. |
| 942 ## - ADDED ENTRY ELEMENTS (KOHA) | |
| Koha item type | Books |
| Withdrawn status | Lost status | Damaged status | Home library | Current library | Date acquired | Full call number | Barcode | Date last seen | Price effective from | Koha item type | Copy number |
|---|---|---|---|---|---|---|---|---|---|---|---|
| UMT Health Sciences Campus | UMT Health Sciences Campus | 2021-12-02 | 615.1 EBA-D | 139936 | 2021-12-02 | 2021-12-02 | Books | ||||
| UMT Health Sciences Campus | UMT Health Sciences Campus | 2021-12-02 | 615.1 EBA-D | 139937 | 2021-12-02 | 2021-12-02 | Books | C.2 |
